Zelda Breath of the Wild-Tous les Relais - Statistiques

Statistiques générales
  • Ce quiz a été pris 88 fois
  • Le résultat moyen est 7 sur 15
Statistiques - réponses
Par images Réponse % Correct
Relais de la Forêt
76%
Relais de la Rivière
68%
Relais du Lac
65%
Relais du pied de la Montagne
52%
Relais des Marécages
50%
Relais du Canyon Gerudo
50%
Relais de l'Est d'Akkala
47%
Relais du Sud d'Akkala
47%
Relais de l'Orée de la Plaine
45%
Relais de Delass
42%
Relais des Piafs
42%
Relais du Pont de Tabanta
40%
Relais des Géminés
31%
Relais des Prairies Gelées
23%
Relais des Alpages
21%
Aucun quiz correspondant
Distribution des résultats
% des personnes avec chaque résultat
Percentile par nombre de réponses
Votre historique - résultats
Vous n’avez pas pris ce quiz